Wortgemisch - Deutsche Städte - Statistiken

Allgemein
  • Dieses Quiz wurde 19.872 mal gespielt
  • Das Durchschnittsergebnis liegt bei 10 aus 15
Antwortstatistiken
Stadt % Korrekt
Bonn
97%
Ulm
97%
Kiel
94%
Hamm
93%
Jena
91%
Essen
87%
Mainz
87%
Stuttgart
87%
Berlin
85%
Leipzig
85%
Frankfurt
84%
Bremen
83%
Dresden
82%
Bochum
81%
Dortmund
81%
Trier
81%
Halle
80%
Hamburg
75%
Kassel
73%
Aachen
72%
Hannover
72%
Potsdam
71%
Darmstadt
70%
Hagen
70%
Rostock
68%
Augsburg
65%
Duisburg
65%
Koblenz
65%
Mannheim
65%
Freiburg
64%
Bielefeld
63%
Erfurt
63%
Wuppertal
62%
Neuss
61%
Weimar
61%
Chemnitz
58%
Cottbus
57%
Magdeburg
57%
Herne
56%
Karlsruhe
50%
Leverkusen
50%
Wiesbaden
46%
Heidelberg
45%
Gelsenkirchen
44%
Braunschweig
35%
Ingolstadt
33%
Flensburg
32%
Keine übereinstimmenden Quizze gefunden
Verteilung der Resultate
Anzahl Personen mit jedem Resultat
Perzentil nach korrekt beantworteten Fragen
Ihre Resultats-Entwicklung
Sie haben dieses Quiz noch nicht gespielt